000 01147nas a2200349 4500
001 BR2010003164
003 BR-BrBNA
005 20231205114109.0
007 ta
008 230509b bl.|||p| |||| 00| 00por d
040 _aBR-BrBNA
_bpor
_cBiblioteca Nacional de Agricultura
041 _a(Pt)
072 _aL51
100 1 _aSousa, D. de P.
100 1 _aCampos, J.M. de S.
100 1 _aValadares Filho, S. de C.
100 1 _aLana, R. de P.
100 1 _aSediyama, C.A.Z.
100 1 _aMendes Neto, J.
245 1 _aComportamento ingestivo, consumo e digestibilidade de nutrientes, produção e composição do leite de vacas alimentadas com silagem de milho ou cana-de-açúcar com caroço de algodão
650 _aDIGESTIBILIDADE APARENTE
650 _aSILAGEM
650 _aMILHO
650 _aALGODÃO
650 _aMASTIGAÇÃO
650 _aLÍNTER
650 _aEFICIÊNCIA NUTRICIONAL
650 _aVACA LEITEIRA
773 0 _tRevista Brasileira de Zootecnia (Brazil)
_xISSN 1516-3598
_g(Oct 2009), v. 38(10) p. 2053-2062
_wBR2010003164
909 _a202311
_bLúcia
_c55
_dLúcia Elande
942 _2AGRIS
_n0
_cANA
999 _c207060
_d207060